[Event "Rochefort op-A 19th"]
[Site "Rochefort"]
[Date "2020.02.22"]
[Round "3"]
[White "Girard, Eric"]
[Black "Coursaget, Nicolas"]
[Result "1/2-1/2"]
[WhiteElo "2011"]
[BlackElo "2245"]
[PlyCount "66"]
[EventDate "2020.02.22"]
[EventType "swiss"]
[EventRounds "9"]
[EventCountry "FRA"]
[SourceTitle "CBM 195 Extra"]
[Source "ChessBase"]
[SourceDate "2020.05.31"]
[SourceVersion "1"]
[SourceVersionDate "2020.05.31"]
[SourceQuality "1"]

1. c4 c5 2. Nf3 Nf6 3. Nc3 Nc6 4. d4 cxd4 5. Nxd4 e5 6. Ndb5 d6 7. g3 a6 8. Na3 Be7 9. Bg2 0-0 10. 0-0 Be6 11. b3 Rc8 12. Bb2 Qa5 13. Nd5 Bxd5 14. cxd5 Nb8 15. Nc4 Qd8 16. Qd2 Nbd7 17. Rac1 b6 18. Rfd1 Ne8 19. e4 g6 20. Ne3 Rxc1 21. Rxc1 f5 22. exf5 gxf5 23. Qc2 Bg5 24. Nxf5 Bxc1 25. Bxc1 Qf6 26. Bh3 Kh8 27. b4 Qg6 28. Bh6 Rg8 29. Qc6 Ndf6 30. Be3 Qh5 31. Kg2 Qd1 32. Nh6 Qxd5+ 33. Qxd5 Nxd5 1/2-1/2

[Event "Montigny le Bretonneux-A 14th"]
[Site "Montigny le Bretonneux"]
[Date "2015.10.19"]
[Round "3.3"]
[White "Forissier, Nicolas"]
[Black "Girard, Eric"]
[Result "1/2-1/2"]
[WhiteElo "1979"]
[BlackElo "2078"]
[PlyCount "47"]
[EventDate "2015.10.17"]
[EventType "tourn"]
[EventRounds "9"]
[EventCountry "FRA"]
[SourceTitle "EXT 2024"]
[Source "ChessBase"]
[SourceDate "2023.10.10"]
[SourceVersion "1"]
[SourceVersionDate "2023.10.10"]
[SourceQuality "1"]

1. d4 e6 2. c4 f5 3. Nc3 Nf6 4. g3 Bb4 5. Bd2 0-0 6. Bg2 a5 7. Nf3 d6 8. 0-0 Bxc3 9. Bxc3 Nbd7 10. Ng5 Qe7 11. d5 Nc5 12. Nxe6 Bxe6 13. dxe6 Qxe6 14. Bxa5 Rxa5 15. b4 Ra7 16. bxc5 dxc5 17. Qc2 Re8 18. Rfd1 Qxe2 19. Qxf5 Rxa2 20. Qxc5 Ne4 21. Bf3 Qxf2+ 22. Qxf2 Nxf2 23. Rxa2 Nxd1 24. Bxb7 1/2-1/2

[Event "Val de Marne-ch"]
[Site "Maisons Alfort"]
[Date "2015.02.08"]
[Round "5"]
[White "Girard, Eric"]
[Black "Madon, Francis"]
[Result "1-0"]
[WhiteElo "2135"]
[BlackElo "1623"]
[PlyCount "87"]
[EventDate "2015.02.07"]
[EventType "swiss"]
[EventRounds "5"]
[EventCountry "FRA"]
[SourceTitle "EXT 2016"]
[Source "ChessBase"]
[SourceDate "2015.10.08"]
[SourceVersion "1"]
[SourceVersionDate "2015.10.08"]
[SourceQuality "1"]

1. c4 Nf6 2. Nc3 e6 3. e4 d6 4. d4 Nbd7 5. Nf3 Be7 6. Be2 0-0 7. 0-0 b6 8. Qc2 Bb7 9. Rd1 Qc8 10. Bf4 Nh5 11. Be3 Nhf6 12. e5 dxe5 13. dxe5 Ng4 14. Bf4 Rb8 15. Ne4 f6 16. exf6 Ngxf6 17. Neg5 Nc5 18. Be5 Nfe4 19. Nxh7 Kxh7 20. b4 Kg8 21. bxc5 Nxc5 22. Qg6 Rf7 23. Rd4 Be4 24. Rxe4 Nxe4 25. Qxe4 Rf5 26. Nd4 Rxe5 27. Qxe5 Bf6 28. Qe4 Qd7 29. Rd1 Rd8 30. Qxe6+ Qxe6 31. Nxe6 Re8 32. Bf3 c5 33. Bd5 Kh7 34. g4 Re7 35. g5 Bb2 36. Kg2 Kg6 37. f4 Kf7 38. Kg3 Bc3 39. Rd3 Be1+ 40. Kg4 Bf2 41. Nxc5+ Ke8 42. Ne4 Be1 43. g6 a6 44. Bc6+ 1-0

[Event "Val de Marne-ch"]
[Site "Maisons Alfort"]
[Date "2015.02.07"]
[Round "1"]
[White "Girard, Eric"]
[Black "Chartier, Thibaud"]
[Result "0-1"]
[WhiteElo "2135"]
[BlackElo "2034"]
[PlyCount "42"]
[EventDate "2015.02.07"]
[EventType "swiss"]
[EventRounds "5"]
[EventCountry "FRA"]
[SourceTitle "EXT 2016"]
[Source "ChessBase"]
[SourceDate "2015.10.08"]
[SourceVersion "1"]
[SourceVersionDate "2015.10.08"]
[SourceQuality "1"]

1. c4 e6 2. Nc3 d5 3. d4 Be7 4. cxd5 exd5 5. Bf4 c6 6. e3 Nf6 7. Bd3 0-0 8. Nge2 Nbd7 9. Qc2 Re8 10. 0-0 Nf8 11. Ng3 Ng6 12. Be5 Ng4 13. Nf5 N4xe5 14. dxe5 Nxe5 15. Nxe7+ Qxe7 16. Bxh7+ Kh8 17. Bf5 g6 18. Bxc8 Raxc8 19. Rad1 Kg7 20. e4 Rh8 21. h3 Nf3+ 0-1

[Event "Montigny le Bretonneux-A 11th"]
[Site "Montigny le Bretonneux"]
[Date "2012.11.02"]
[Round "7"]
[White "Van Dongen, Patrick"]
[Black "Girard, Eric"]
[Result "1-0"]
[WhiteElo "2320"]
[BlackElo "2122"]
[PlyCount "57"]
[EventDate "2012.10.27"]
[EventType "tourn"]
[EventRounds "9"]
[EventCountry "FRA"]
[SourceTitle "EXT 2014"]
[Source "ChessBase"]
[SourceDate "2013.11.20"]
[SourceVersion "1"]
[SourceVersionDate "2013.11.20"]
[SourceQuality "1"]

1. d4 e6 2. Nf3 f5 3. g3 Nf6 4. Bg2 Be7 5. c4 0-0 6. 0-0 d6 7. Nc3 Ne4 8. Qc2 Nxc3 9. Qxc3 a5 10. c5 Nc6 11. cxd6 cxd6 12. d5 exd5 13. Nd4 Nxd4 14. Qxd4 Be6 15. Bxd5 Qd7 16. Qc4 Bxd5 17. Qxd5+ Kh8 18. Bf4 Ra6 19. Rac1 Bf6 20. Rc2 g5 21. Bd2 Re8 22. Rfc1 Rc6 23. Rxc6 bxc6 24. Rxc6 Re5 25. Qxd6 Qxd6 26. Rxd6 Rxe2 27. Kf1 Be7 28. Kxe2 Bxd6 29. Bxa5 1-0

[Event "Malakoff op"]
[Site "Malakoff"]
[Date "2012.04.16"]
[Round "4"]
[White "Girard, Eric"]
[Black "Russev, Rusen Iordanov"]
[Result "1-0"]
[WhiteElo "2158"]
[BlackElo "2342"]
[PlyCount "59"]
[EventDate "2012.04.14"]
[EventType "swiss"]
[EventRounds "9"]
[EventCountry "FRA"]
[SourceTitle "EXT 2014"]
[Source "ChessBase"]
[SourceDate "2013.11.20"]
[SourceVersion "1"]
[SourceVersionDate "2013.11.20"]
[SourceQuality "1"]

1. c4 b6 2. Nc3 Bb7 3. e4 e6 4. Nge2 Nf6 5. f3 c5 6. d4 cxd4 7. Nxd4 d6 8. Be2 Be7 9. Be3 0-0 10. Qd2 a6 11. 0-0 Nbd7 12. a4 Rc8 13. a5 Ne5 14. axb6 Nfd7 15. Na4 Nxc4 16. Bxc4 Rxc4 17. Rfc1 d5 18. exd5 Rxa4 19. Rxa4 Nxb6 20. Raa1 Qxd5 21. Qa5 Qxa5 22. Rxa5 Nd5 23. Bf2 Bf6 24. Ra3 Nb4 25. Rc4 a5 26. Rxa5 Nd3 27. Be3 Bd5 28. Rc2 Rb8 29. b4 Nxb4 30. Rb5 1-0

[Event "Cappelle op 28th"]
[Site "Cappelle la Grande"]
[Date "2012.03.06"]
[Round "5"]
[White "Girard, Eric"]
[Black "Berczes, David"]
[Result "1-0"]
[WhiteElo "2158"]
[BlackElo "2544"]
[PlyCount "87"]
[EventDate "2012.03.03"]
[EventType "swiss"]
[EventRounds "9"]
[EventCountry "FRA"]
[SourceTitle "CBM 147 Extra"]
[Source "ChessBase"]
[SourceDate "2012.04.24"]
[SourceVersion "1"]
[SourceVersionDate "2012.04.24"]
[SourceQuality "1"]

1. c4 e6 2. Nc3 d5 3. d4 c6 4. e4 dxe4 5. Nxe4 Bb4+ 6. Bd2 Qxd4 7. Bxb4 Qxe4+ 8. Ne2 Na6 9. Bf8 Ne7 10. Bxg7 Nb4 11. Bxh8 e5 12. Qb3 Nc2+ 13. Kd2 Nxa1 14. Qd3 Qh4 15. Bxe5 Bf5 16. Bg3 Qf6 17. Qc3 Rd8+ 18. Kc1 Bc2 19. b3 Rd1+ 20. Kb2 Rb1+ 21. Ka3 Bxb3 22. axb3 Rxb3+ 23. Qxb3 Nxb3 24. Kxb3 Qa1 25. Nc3 c5 26. Bd6 Nc6 27. Bxc5 Qc1 28. Nd5 Na5+ 29. Kb4 b6 30. Kb5 Qb1+ 31. Bb4 Nb3 32. Ka6 Nd4 33. g3 Qa2+ 34. Kb7 Qxf2 35. Bh3 f5 36. Re1+ Kf7 37. Re7+ Kg6 38. Nf4+ Kh6 39. Rd7 Qf3+ 40. Ka6 Nc6 41. Bf8+ Kg5 42. Bg2 Nb8+ 43. Kxa7 Nc6+ 44. Ka8 1-0